000
00299 a2200157 4500
001
181469
020
_a
040
_c
Magnum
100
_a
Melo Jr., Evandro
240
1
0
_a
Fisica, 3
_l
por
245
1
0
_a
Fisica, 3
362
0
_a
1899
440
1
_a
LĂȘ
697
_a
MAGNITO: GERAL
942
_c
BK
999
_c
181469
_d
181469